000 00936nms a22002537a 4500
003 NALT
005 20250818133835.0
006 a|||||o|||| 00| 0
007 ca aa aaaaa
008 210325b th |||p| |||| 00| 0 tha d
022 _a26976390 (Online)
040 _aNALT
245 0 0 _aสังคมศาสตร์ มหาวิทยาลัยวลัยลักษณ์
246 _aWalailak Journal of Social Science
260 _aมหาวิทยาลัยวลัยลักษณ์ นครศรีธรรมราช
310 _aรายสองเดือน
500 _aวารสารอิเล็กทรอนิกส์
650 0 _955484
_aวิชาการ
650 0 _aสังคมศาสตร์
_922767
850 _aNALT
856 4 0 _uhttps://so06.tci-thaijo.org/index.php/asi/issue/archive
942 _cEJN
996 _ajintana.i
_bSERSTF
_c2023-03-29
999 _c98196
_d98196
998 _j755
_k นางจินตนา เอี่ยมคง